Czy ta flaga ma w sobie kolor zielony ?( Europa cz 1) - Statystyki

Ogólne statystyki
  • Ten quiz został rozwiązany 410 razy
  • Średni wynik to 14 z 15
Statystyki odpowiedzi
Zagadnienie Odpowiedź % Poprawnych
Belgia Nie
100%
Dania Nie
100%
Francja Nie
100%
Grecja Nie
100%
Albania Nie
98%
Austria Nie
98%
Chorwacja Nie
98%
Czechy Nie
98%
Finlandia Nie
98%
Bułgaria Tak
98%
Andora Nie
95%
Bośnia i Hercegowina Nie
95%
Estonia Nie
95%
Białoruś Tak
90%
Czarnogóra Tak
24%
Nie znaleziono quizów pasujących do podanych kryteriów
Rozkład punktacji
Procent ludzi z każdym wynikiem
Percentyl według liczby udzielonych odpowiedzi
Twoja historia wyników
Nie rozwiązałeś tego quizu